|
|
|
|
| LEADER |
00000cam a2200000 7i4500 |
| 001 |
0000003200 |
| 005 |
20050310.0 |
| 020 |
0 |
0 |
|a 0851997317
|
| 090 |
0 |
0 |
|a 333.7
|b INT
|
| 245 |
0 |
0 |
|a Integrated natural resource management :
|b linking productivity, the environment, and development
|c edited by B.M. Campbell and J.A. Sayer.
|
| 260 |
0 |
0 |
|a Wallingford, Oxon, UK
|a Cambridge, MA :
|b CABI Publishing in association with the Center for International Forestry Research (CIFOR) ,
|c c2003.
|
| 300 |
|
|
|a xii, 315 p. :
|b ill., maps ;
|c 25 cm.
|
| 650 |
0 |
0 |
|a Natural resources
|x Management
|
| 700 |
1 |
1 |
|a Campbell, B. M. [
|q (Bruce Morgan), ,
|d 1953-
|
| 700 |
1 |
1 |
|a Sayer, Jeffrey.
|
| 710 |
2 |
1 |
|a Center for International Forestry Research.
|
| 999 |
|
|
|a 0000006123
|b Monograph
|c Open Shelf
|e Default branch
|